00844nam a2200229 a 450000100100000000500170001000800410002704000250006808200170009310000280011024500780013826000360021630000310025249000300028350000630031350400410037660000350041765000570045265000310050970000430054083000310058300001782520200929165237.0100406s1986 dr c 000 0 spa d aDO-SdBNPbspacBNPHU a927.9bC614p1 aClase, Porfirio,d1953-10aPorfirio Rubirosa /cPablo Clase ; prólogo Pedro René Contín Aybar. aSanto Domingo :bTaller,c1986. a178 p. :bretrs. ;c21 cm.1 aBiblioteca Tallervv. 215 aIncluye datos biográficos del autor en la contracubierta aIncluye bibliografías (p. 172-176)14aRUBIROSA, PORFIRIO,d1909-1965 4aDiplomáticoszRepública DominicanaxBiografías 4aCelebridadesxBiografías1 aContín Aybar, Pedro René,epról. 0aBiblioteca Tallernno. 215